000 00478nam a2200181Ia 4500
005 20250326142442.0
008 250326s9999 xx 000 0 und d
037 _aTextbook
040 _aFMSL
_beng
_cFMSL
041 _aeng
_2eng
084 _aX9W:Z2 N9
_qFMSL
100 _aSingh Avtar
245 0 _aCompany law
_cSingh Avtar
260 _aLucknow
_bLucknow, Eastern Book
_c1999
300 _acxii,663
942 _cTB
_hX9W:Z2 N9
999 _c1295093
_d1295093